banner-ar

نحو منهج اسلامى فى الفكر الادارى / (Record no. 37685)

MARC details
000 -الفاتح
حقل البيانات ثابتة الطول 00698nam a2200193Ia 4500
005 - وقت وتاريخ اخر تعامل مع التسجيلة
رقم الضبط 20240530103225.0
008 - عناصر البيانات ثابتة الطول - معلومات عامة
حقل البيانات ثابتة الطول 140319s9999 xx 000 0 ara d
040 ## - مصدر الفهرسة
وكالة الفهرسة الأصلية GCL /
وكالة النسخ GCL
082 04 - رقم تصنيف ديوى العشرى
رقم التصنيف 210/
رقم المادة م إ
100 1# - المدخل الرئيسى - إسم شخصى
الإسم الشخصى احمد عبدالعظيم محمد المنفلوطى
245 10 - بيان العنوان
العنوان نحو منهج اسلامى فى الفكر الادارى /
بيان المسئوليه,etc احمد عبدالعظيم محمد المنفلوطى
300 ## - الوصف المادى
التعداد 239 ص
490 ## - بيان السلسلة
عنوان السلسلة اسلاميات مكتبة المسلم العصرية
رقم المجلد/ التعيين التسلسلي 0
650 04 - المدخل الاضافى بالموضوع-مصطلح موضوعى
مصطلح موضوعي الاسلام والمجتمع
650 04 - المدخل الاضافى بالموضوع-مصطلح موضوعى
مصطلح موضوعي الشريعة الاسلامية
650 04 - المدخل الاضافى بالموضوع-مصطلح موضوعى
مصطلح موضوعي الاسلام - النظام الادارى
942 ## - عناصر المدخل الإضافي( كوها)
مصدر التصنيف او مخطط الترفيف Dewey Decimal Classification
Koha [default] item type كتاب
Holdings
حالة التراجع حالة الفقد حالة تلف ليس للاعارة المكان المؤقت الموقع الحالى تاريخ الاكتساب اجمالي اﻻعارات رقم الطلب الباركود تاريخ اخر مشاهدة تاريخ تفعيل السعر نوع وعاء كوها تبصرة عامة
        مكتبة القاهرة الكبرى مكتبة القاهرة الكبرى 03/26/2014   210/م إ 92024 03/26/2014 03/26/2014 كتاب تم وضع الهجاء على اساس الناشر والسلسلة
        مكتبة القاهرة الكبرى مكتبة القاهرة الكبرى 03/26/2014   210/م إ 92025 03/26/2014 03/26/2014 كتاب تم وضع الهجاء على اساس الناشر والسلسلة

Powered By

EGPV